| 000 | 00503nam a22001817a 4500 | ||
|---|---|---|---|
| 003 | OSt | ||
| 005 | 20140310181743.0 | ||
| 008 | 130423t xxu||||| |||| 00| 0 eng d | ||
| 050 |
_aJX 1904.5 _bR564 2001 |
||
| 082 |
_aFIL 016.32 _bC32 2001 |
||
| 245 |
_aNotes and activities for peace education : _bquest for peace / _cRifareal-CedeƱo, Lourdes |
||
| 260 |
_aManila : _bBusybook , _c2001 |
||
| 521 | _aCollege | ||
| 526 | _c1210L-1700L | ||
| 541 | _j1 | ||
| 562 | _e1 | ||
| 942 |
_2lcc _cBK-FIL |
||
| 999 |
_c2876 _d2876 |
||